00390cam a22000977a 4500008004000000082001600040245012000056260005800176300001000234700004800244180718b1968 xxu||||| |||| 00| 0 eng d aW10x54 In2d aSupplement to the history of Indian Railways (history of defunct Railways)cby Ministry of Railways (Railway Board) aNew DelhibMinistry of Railways (Railway Board)c1968 a332p. aIndia. Ministry of Railways (Railway Board)